Score 0/57 Timer 08:00
2 Plays Today
# of Appearances Word % Correct
2Water
80.9%
38Temple
80%
5Fire
79%
5Forest
68.7%
5Dungeon
65.4%
11Castle
63.3%
6Cave
61.5%
4Ice
56.4%
7Wind/Winds
51.7%
2Dark
50.7%
3Spirit/Spirits/Spirit's
48.6%
11Tower
48.5%
2Tree/Trees
48.2%
3Cavern
47%
3Ganon's
46.7%
7Hyrule
44.2%
2Mountain
44.1%
2Earth
43.5%
20Palace
43.2%
3Sky
41.5%
2Deku
41.3%
3Desert
37.2%
2Goron
36.9%
3Woods
35.2%
3Rock
33.5%
2Belly
33%
3Fortress
31.2%
2Death
30.9%
2Jabu-Jabu's
30.6%
# of Appearances Word % Correct
2Great
29.5%
3Ocean
27.4%
2Ground/Grounds
26.8%
2Stone
25.7%
2Mine/Mines
25.3%
4Dragon
24.8%
4Beast
24.6%
3Inside
24.4%
4Vah
23.5%
3Turtle
23.5%
2Swamp
23.2%
4Divine
22.1%
3Shrine
20.4%
3Ruins
20.3%
2Island
20.3%
3Ancient
19.7%
3Skull
18.3%
2Darkness
18.2%
2Lair
17.6%
2Thieves'
16.1%
2Maze
15.8%
2Grotto
15.3%
9Labyrinth
15.1%
2Eagle/Eagle's
15%
2Hera
14.2%
3Eastern
14.2%
2Snake/Snake's
10.4%
3Flames
9%
Remove Ads.
Support Sporcle.
Get the best of Sporcle when you Go Orange. This ad-free experience offers more features, more stats, and more fun while also helping to support Sporcle. Thank you for becoming a member.

You're not logged in!

Compare scores with friends on all Sporcle quizzes.
OR
Log In

Show Comments

Extras

Top Quizzes Today


Score Distribution

Your Account Isn't Verified!

In order to create a playlist on Sporcle, you need to verify the email address you used during registration. Go to your Sporcle Settings to finish the process.

Report this User

Report this user for behavior that violates our Community Guidelines.

Details: